MARC

LEADER 00000nam0a2200000 4500
001 368510
005 20231102012105.0
035 |a (RuTPU)RU\TPU\retro\25892 
090 |a 368510 
100 |a 20220413d1980 k y0rusy50 ca 
101 0 |a rus 
102 |a UA 
105 |a a z 001zy 
200 1 |a Свойства халькогенидов европия  |e монография  |f В. А. Оболончик, Л. А. Иванченко  |g Академия наук Украинской ССР, Институт проблем материаловедения им И. Н. Францевича 
210 |a Киев  |c Наукова думка  |d 1980 
215 |a 92 с.  |c ил. 
320 |a Библиогр.: с. 84-91 
606 1 |a Европий  |x Халькогениды  |2 stltpush  |3 (RuTPU)RU\TPU\subj\32770  |9 55213 
610 1 |a получение 
610 1 |a свойства 
610 1 |a монохалькогениды европия 
610 1 |a электроны 
610 1 |a энергетическое состояние 
610 1 |a модели 
610 1 |a монографии 
675 |a 661.86  |v 4 
700 1 |a Оболончик  |b В. А.  |g Василий Андреевич 
701 1 |a Иванченко  |b Л. А.  |g Лиана Анатольевна 
712 0 2 |a Академия наук Украинской ССР  |b Институт проблем материаловедения им И. Н. Францевича  |c (Киев)  |2 stltpush  |3 (RuTPU)RU\TPU\col\1143  |9 23526 
801 1 |a RU  |b 63413507  |c 20220413 
942 |c BK